Pixar Character to Actor - Click Quiz - Statistics

General Stats
  • This quiz has been taken 85 times
  • The average score is 13 of 20
Answer Stats
Hint Extra Hint Answer % Correct
Dory Finding Nemo Ellen DeGeneres
86%
Woody Toy Story Tom Hanks
85%
Mike Wazowski Monsters Inc. Billy Crystal
78%
Sulley Monsters Inc. John Goodman
78%
Lightning McQueen Cars Owen Wilson
75%
Frozone The Incredibles Samuel L. Jackson
75%
Joy Inside Out Amy Poehler
74%
Héctor Coco Gael García Bernal
69%
Joe Gardner Soul Jamie Foxx
66%
Barley Lightfoot Onward Chris Pratt
65%
Carl Up Ed Asner
63%
Jessie Toy Story 2 Joan Cusack
60%
Ming Lee Turning Red Sandra Oh
60%
Elastigirl The Incredibles Holly Hunter
57%
Chick Hicks Cars Michael Keaton
55%
Colette Tatou Ratatouille Janeane Garofalo
49%
Merida Brave Kelly Macdonald
48%
Izzy Hawthorne Lightyear Keke Palmer
40%
Brook Ripple Elemental Catherine O'Hara
37%
Princess Atta A Bug's Life Julia Louis-Dreyfus
37%
No matching quizzes found
Score Distribution
Percent of People with Each Score
Percentile by Number Answered
Your Score History
You have not taken this quiz